| 000 | 00566nam a2200181Ia 4500 | ||
|---|---|---|---|
| 003 | IN-BaIIA | ||
| 008 | 211028s9999 xx 000 0 eng d | ||
| 040 | _cIIA Library | ||
| 080 |
_a517.95 _bBAT |
||
| 100 |
_aBateman, H. _91625 |
||
| 245 | 0 |
_aPartial differential equations of mathematical physics _cH. Bateman |
|
| 250 | _a1st ed. | ||
| 260 |
_aNew York _bDover Publications _c1944 |
||
| 300 | _axxii, 522p. | ||
| 650 |
_aMathematical Physics _91525 |
||
| 650 |
_aPartial Differential Equations _91626 |
||
| 942 | _cBK | ||
| 999 |
_c757 _d757 |
||